书目信息 |
| 题名: |
中学生行楷技法与考卷书写实训
|
|
| 作者: | 周杰 编写 | |
| 分册: | ||
| 出版信息: | 重庆 西南师范大学出版社 2017.12 |
|
| 页数: | 93页 | |
| 开本: | 29cm | |
| 丛书名: | ||
| 单 册: | ||
| 中图分类: | G634.955.1 | |
| 科图分类: | ||
| 主题词: | 硬笔字--行楷--书法--中学--教材 | |
| 电子资源: | ||
| ISBN: | 978-7-5621-8854-4 | |
| 000 | 00888nam0 2200253 450 | |
| 001 | 0120141439631 | |
| 005 | 20201019091134.08 | |
| 010 | @a978-7-5621-8854-4@dCNY16.80 | |
| 100 | @a20180305d2017 demy0chiy50 ea | |
| 101 | 0 | @achi |
| 102 | @aCN@b500000 | |
| 105 | @aa z 000yy | |
| 106 | @ar | |
| 200 | 1 | @a中学生行楷技法与考卷书写实训@9zhong xue sheng xing kai ji fa yu kao juan shu xie shi xun@f周杰编写 |
| 210 | @a重庆@c西南师范大学出版社@d2017.12 | |
| 215 | @a93页@c照片@d29cm | |
| 300 | @a硬笔实用书写格专利 | |
| 330 | @a本书内容包括:行楷的特点;基本笔画及组合;偏旁练习;汉字结构练习;结构布势的基本要求和方法;篇章练习;阅读答题书写实战训练;作文书写实战训练。 | |
| 333 | @a中学 | |
| 606 | 0 | @a硬笔字@x行楷@x书法@x中学@j教材 |
| 690 | @aG634.955.1@v5 | |
| 701 | 0 | @a周杰@9zhou jie@4编写 |
| 801 | 0 | @aCN@b人天书店@c20180305 |
| 905 | @b1285891-94@dG634.955.1@e1718@f4 | |
| 中学生行楷技法与考卷书写实训/周杰编写.-重庆:西南师范大学出版社,2017.12 |
| 93页:照片;29cm |
| 硬笔实用书写格专利.-使用对象:中学 |
| ISBN 978-7-5621-8854-4:CNY16.80 |
| 本书内容包括:行楷的特点;基本笔画及组合;偏旁练习;汉字结构练习;结构布势的基本要求和方法;篇章练习;阅读答题书写实战训练;作文书写实战训练。 |
| ● |
| 相关链接 |
|
|
|
|
正题名:中学生行楷技法与考卷书写实训
索取号:G634.955.1/1718
 
预约/预借
| 序号 | 登录号 | 条形码 | 馆藏地/架位号 | 状态 | 备注 |
| 1 | 1285891 | 212858914 | 第一样本阅览室/ [索取号:G634.955.1/1718] | 在馆 | |
| 2 | 1285892 | 212858923 | 第四借阅区/ [索取号:G634.955.1/1718] | 在馆 | |
| 3 | 1285893 | 212858932 | 第四借阅区/ [索取号:G634.955.1/1718] | 在馆 | |
| 4 | 1285894 | 212858941 | 第四借阅区/ [索取号:G634.955.1/1718] | 在馆 |